Países con 'R' - Estadísticas

Estadísticas generales
  • Esta prueba ha sido intentada 41 veces
  • La puntuación promedio es 5 de 8
Estadísticas de respuestas
País % Correcto
Rumania
97%
Rusia
84%
Ruanda
74%
República Dominicana
61%
República del Congo
52%
República Democrática del Congo
52%
República Checa
45%
República Centroafricana
35%
No se encontraron pruebas coincidentes
Distribución de puntuación
Porcentaje de gente con cada puntuación
Porcentaje por número respondido
Historial de tus puntuaciones
No has intentado esta prueba.